[Event "It (open)"]
[Site "masterchessopen.com – Jatai (Brazil)"]
[Round "5"]
[White "Perdomo Leandro (ARG)"]
[Black "Caldeira Adriano (BRA)"]
[Result "1-0"]
[WhiteElo "2387"]
[BlackElo "2239"]

1.d4 Nf6 2.c4 g6 3.Nc3 Bg7 4.e4 d6 5.f3 O-O 6.Be3 Nc6 7.Nge2 a6 8.Qd2 Rb8
9.Nc1 e5 10.d5 Nd4 11.Nb3 Nxb3 12.axb3 Ne8 13.b4 f5 14.O-O-O f4 15.Bf2 Kh8
16.Kb1 Rf7 17.c5 Bd7 18.Bc4 Qe7 19.Rc1 g5 20.g4 Bxg4 21.h4 Bh6 22.Be2 Rg7
23.h5 Qd8 24.Rc2 Re7 25.fxg4 {#r} 1-0

[Event "It (cat.2)"]
[Site "masterchessopen.com – Mislata (Spain)"]
[Date "2011.08.15"]
[Round "1"]
[White "Alcaraz Ortega Javier (ESP)"]
[Black "Navarrete Espi Samuel (ESP)"]
[Result "1-0"]
[WhiteElo "2333"]
[BlackElo "2165"]

1.c4 Nf6 2.Nc3 g6 3.d4 Bg7 4.e4 O-O 5.f3 d6 6.Be3 Nc6 7.Nge2 a6 8.Qd2 Rb8
9.Nc1 e5 10.d5 Nd4 11.Nb3 c5 12.dxc6 bxc6 13.Nxd4 exd4 14.Bxd4 Re8 15.Be2 d5
16.cxd5 Rb4 17.Bc5 Nxe4 18.fxe4 Bxc3 19.Qxc3 Rbxe4 20.O-O Rxe2 21.dxc6 Qg5
22.Rf2 Bh3 23.Bf8 R8e5 24.Rxe2 Rxe2 25.Qg7# 1-0

[Event "Universiade"]
[Site "masterchessopen.com – Shenzhen (China)"]
[Date "2011.08.16"]
[Round "4"]
[White "Looi Xin Hao (MAS)"]
[Black "Pruijssers Roeland (NED)"]
[Result "0-1"]
[WhiteElo "2001"]
[BlackElo "2475"]

1.d4 Nf6 2.c4 g6 3.Nc3 Bg7 4.e4 d6 5.f3 O-O 6.Nge2 Nc6 7.Be3 a6 8.Qd2 Rb8 9.g4
b5 10.cxb5 axb5 11.Ng3 b4 12.Nd1 e5 13.d5 Nd4 14.Be2 Nxe2 15.Qxe2 Bd7 16.Rc1
Bb5 17.Qd2 Qd7 18.b3 c6 19.dxc6 Bxc6 20.O-O d5 21.g5 Nh5 22.Nxh5 gxh5 23.Bc5
Rfd8 24.Ne3 dxe4 25.Qxd7 Rxd7 26.Nf5 Bb5 27.Rf2 exf3 28.Ne7+ Rxe7 29.Bxe7 e4
30.Bf6 h6 31.h4 hxg5 32.hxg5 Bxf6 33.gxf6 Bd3 {#R} 0-1

[Event "Memorial M.Botvinnik (open)"]
[Site "masterchessopen.com – St. Petersburg (Russia)"]
[Date "2011.08.16"]
[Round "5"]
[White "Palachev Petr (RUS)"]
[Black "Chuprova Irina (RUS)"]
[Result "1-0"]
[WhiteElo "2278"]
[BlackElo "1919"]

1.d4 Nf6 2.c4 g6 3.Nc3 Bg7 4.e4 d6 5.f3 O-O 6.Be3 Nc6 7.Nge2 a6 8.Qd2 Rb8
9.Rc1 Bd7 10.Nd1 e6 11.g3 Re8 12.Bg2 b5 13.c5 dxc5 14.Rxc5 Bf8 15.Rc1 Bb4
16.Ndc3 e5 17.d5 Nd4 18.Nxd4 exd4 19.Qxd4 Bf8 20.O-O b4 21.Nd1 Bg7 22.Qd2 Bb5
23.Re1 a5 24.Nf2 Nd7 25.f4 Nb6 26.Bd4 Bxd4 27.Qxd4 c6 28.Ng4 {#r} 1-0

[Event "It (open)"]
[Site "masterchessopen.com – Vienna (Austria)"]
[Date "2011.08.17"]
[Round "5"]
[White "Zoebisch Herbert (AUT)"]
[Black "Enoeckl Philipp (AUT)"]
[Result "0-1"]
[WhiteElo "2149"]
[BlackElo "2292"]

1.d4 Nf6 2.c4 g6 3.Nc3 Bg7 4.e4 d6 5.f3 O-O 6.Be3 Nc6 7.Nge2 a6 8.Qd2 Rb8
9.Bh6 b5 10.h4 Bxh6 11.Qxh6 bxc4 12.O-O-O Nb4 13.Ng3 c5 14.dxc5 Nxa2+ 15.Nxa2
Qa5 16.Bxc4 Qxc5 17.Nc3 Qxc4 18.h5 Be6 19.hxg6 fxg6 20.e5 Rxb2 21.Ne4 Qb3
22.Rd2 Rxd2 23.Nxf6+ Rxf6 24.Qxh7+ Kf8 25.Qh8+ Bg8 26.Kxd2 Qb2+ 27.Kd3 dxe5
28.Rb1 Rd6+ 29.Ke4 Qc2+ {#R} 0-1

[Event "Zt (w)"]
[Site "masterchessopen.com – Santiago (Chile)"]
[Round "4"]
[White "Vargas Gabriela (PAR)"]
[Black "Martinez Ayelen"]
[Result "1-0"]
[WhiteElo "2086"]
[BlackElo "2011"]

1.d4 Nf6 2.c4 g6 3.Nc3 Bg7 4.e4 d6 5.f3 O-O 6.Be3 Nc6 7.Nge2 a6 8.Qd2 Rb8
9.Nc1 e5 10.d5 Nd4 11.Nb3 Nxb3 12.axb3 Nh5 13.b4 f5 14.c5 fxe4 15.Nxe4 b5
16.O-O-O Nf6 17.c6 Nxe4 18.fxe4 Bg4 19.Re1 Bf6 20.Bd3 g5 21.Ref1 Qe7 22.Rf2
Bh5 23.Rhf1 Rf7 24.Kc2 Rff8 25.Rxf6 Rxf6 26.Bxg5 Rbf8 27.Bxf6 {#r} 1-0

[Event "It \"]
[Site "masterchessopen.com – Kuala Lumpur (Malaysia)"]
[Date "2011.09.06"]
[Round "4"]
[White "Bitoon Richard (PHI)"]
[Black "Nguyen Van Huy (VIE)"]
[Result "1-0"]
[WhiteElo "2504"]
[BlackElo "2449"]

1.d4 Nf6 2.c4 g6 3.Nc3 Bg7 4.e4 d6 5.f3 O-O 6.Be3 Nc6 7.Nge2 a6 8.Qd2 Rb8
9.Rc1 Bd7 10.Nd1 h5 11.Nf2 Re8 12.g3 e5 13.d5 Ne7 14.Bg2 c5 15.b4 b6 16.O-O
Kh7 17.h3 Nfg8 18.f4 f6 19.Rb1 Qc7 20.g4 hxg4 21.hxg4 exf4 22.Bxf4 Bh6 23.Bxh6
Nxh6 24.g5 fxg5 25.Qxg5 cxb4 26.Rb3 Nf7 27.Qh4+ Kg7 28.Nh3 Ne5 29.Ng5 Qc5+
30.Rf2 Rh8 31.Ne6+ Bxe6 32.Qf6+ Kh6 33.dxe6 {#r} 1-0

[Event "Cup Mayors (open)"]
[Site "masterchessopen.com – Mumbai (India)"]
[Date "2011.09.19"]
[Round "5"]
[White "Neelotpal Das (IND)"]
[Black "Matta Vinay Kumar (IND)"]
[Result "1-0"]
[WhiteElo "2453"]
[BlackElo "2295"]

1.d4 Nf6 2.c4 g6 3.Nc3 Bg7 4.e4 d6 5.f3 O-O 6.Be3 Nc6 7.Nge2 a6 8.Qd2 Rb8
9.Rc1 Bd7 10.Nd1 e6 11.g3 Ne8 12.f4 b5 13.cxb5 Rxb5 14.Bg2 Qb8 15.O-O Ne7
16.e5 f6 17.b3 Qd8 18.Ndc3 Rb8 19.Rfd1 Bc8 20.Qd3 dxe5 21.dxe5 Qxd3 22.Rxd3
fxe5 23.Ba7 Rb7 24.Bxb7 Bxb7 25.Bc5 Rf7 26.Rd8 Bc6 27.Ne4 Nd5 28.Bd6 Bb5
29.Bxe5 Bxe5 30.fxe5 Bxe2 31.Rxe8+ Kg7 {#r} 1-0

[Event "It (open)"]
[Site "masterchessopen.com – Jakarta (Indonesia)"]
[Date "2011.10.18"]
[Round "8"]
[White "Fahmi Jauhari (INA)"]
[Black "Mahmud Syarif (INA)"]
[Result "1-0"]
[WhiteElo "2191"]
[BlackElo "2315"]

1.d4 Nf6 2.c4 g6 3.Nc3 Bg7 4.e4 d6 5.f3 O-O 6.Be3 Nc6 7.Nge2 a6 8.Qd2 Rb8
9.Nd5 Re8 10.Nxf6+ Bxf6 11.d5 Ne5 12.Nc3 c5 13.Be2 Qa5 14.f4 Ng4 15.Bxg4 Bxg4
16.f5 gxf5 17.h3 Bh5 18.exf5 Qb4 19.g4 {#r} 1-0

[Event "It \"]
[Site "masterchessopen.com – Senden (Germany)"]
[Date "2011.10.21"]
[Round "1"]
[White "Krebel Christoph (GER)"]
[Black "Podzielny Karl-Heinz (GER)"]
[Result "0-1"]
[WhiteElo "2007"]
[BlackElo "2470"]

1.d4 Nf6 2.c4 g6 3.Nc3 Bg7 4.e4 d6 5.f3 Nc6 6.Be3 O-O 7.Nge2 a6 8.Qd2 Rb8 9.g4
b5 10.Ng3 e5 11.dxe5 Nxe5 12.Be2 bxc4 13.h4 d5 14.O-O-O Be6 15.exd5 Nxd5
16.Nxd5 Nd3+ 17.Bxd3 Bxb2+ 18.Qxb2 Rxb2 19.Kxb2 Qxd5 {#R} 0-1

[Event "Tournament (open)"]
[Site "masterchessopen.com – Villaverde (Spain)"]
[Date "2011.11.17"]
[Round "4"]
[White "Cruz Monzon Jose (ESP)"]
[Black "Gongora Montes Benjamin (MEX)"]
[Result "0-1"]
[WhiteElo "1976"]
[BlackElo "2217"]

1.d4 Nf6 2.c4 g6 3.Nc3 Bg7 4.e4 d6 5.f3 O-O 6.Be3 Nc6 7.Nge2 a6 8.Qd2 Rb8
9.Ng3 e5 10.d5 Nd4 11.h4 b5 12.h5 Bd7 13.Bh6 Bxh6 14.Qxh6 Nc2+ 15.Kd1 Nxa1
16.hxg6 fxg6 17.Bd3 bxc4 {#R} 0-1

[Event "Cup Rilton"]
[Site "masterchessopen.com – Stockholm (Sweden)"]
[Date "2011.12.30"]
[Round "4"]
[White "Berczes David (HUN)"]
[Black "L'ami Alina (ROM)"]
[Result "1-0"]
[WhiteElo "2555"]
[BlackElo "2364"]

1.d4 Nf6 2.c4 g6 3.Nc3 Bg7 4.e4 d6 5.f3 O-O 6.Be3 Nc6 7.Nge2 a6 8.Qd2 Rb8
9.Nc1 e5 10.d5 Nd4 11.N1e2 c5 12.dxc6 bxc6 13.Nxd4 exd4 14.Bxd4 c5 15.Be3 Re8
16.Be2 d5 17.cxd5 Nxd5 18.Nxd5 Rxb2 19.Qd1 Bb7 20.Nf4 Qa5+ 21.Kf2 f5 22.Rb1
fxe4 23.Rxb2 exf3 24.Rxb7 fxe2 25.Rxg7+ {#r} 1-0

[Event "Tournament (open) (b)"]
[Site "masterchessopen.com – Natal (Brazil)"]
[Date "2012.02.20"]
[Round "6"]
[White "De Andrade Dalson Holanda Cava"]
[Black "Medeiros Israel Costa Smith De"]
[Result "1-0"]
[WhiteElo "1922"]
[BlackElo "1885"]

1.d4 Nf6 2.c4 g6 3.Nc3 Bg7 4.e4 d6 5.f3 O-O 6.Be3 Nc6 7.Qd2 a6 8.Nge2 Rb8
9.Ng3 Bd7 10.Be2 e5 11.d5 Ne7 12.a3 Ne8 13.Bh6 f5 14.Bxg7 Nxg7 15.exf5 Nexf5
16.Nge4 Nd4 17.Bd1 Qh4+ 18.Qf2 Qh6 19.Qd2 Qh4+ 20.Qf2 Qe7 21.Ne2 Ngf5 22.Nxd4
Nxd4 23.O-O Bf5 24.Ng3 Bd3 25.Re1 Bxc4 26.Qxd4 exd4 27.Rxe7 Rf7 28.Re1 Bxd5
29.Bc2 c5 30.Ne4 Rd7 31.Nf6+ {#r} 1-0

[Event "Ch Kazakhstan (1/2 final)"]
[Site "masterchessopen.com – Pavlodar (Kazakhstan)"]
[Date "2012.02.23"]
[Round "3"]
[White "Omarshayev Bolat (KAZ)"]
[Black "Kassimov Baurzhan (KAZ)"]
[Result "0-1"]
[WhiteElo "1872"]
[BlackElo "2270"]

1.d4 d6 2.c4 g6 3.Nc3 Bg7 4.e4 Nc6 5.Be3 Nf6 6.f3 O-O 7.Nge2 a6 8.Qd2 Rb8
9.O-O-O b5 10.Nd5 bxc4 11.Nxf6+ exf6 12.g4 Nb4 13.Nc3 c6 14.Bxc4 d5 15.Be2 a5
16.h4 Be6 17.a3 dxe4 18.fxe4 Na2+ 19.Kb1 Nxc3+ 20.Qxc3 Rb3 21.Qc1 Qb6 22.Rd3
Rc8 23.Rxb3 Qxb3 24.Bf4 Qa2+ 25.Kc2 Rd8 {#R} 0-1

[Event "Ch Kazakhstan (1/2 final)"]
[Site "masterchessopen.com – Pavlodar (Kazakhstan)"]
[Date "2012.02.27"]
[Round "7"]
[White "Akkozov Berik (KAZ)"]
[Black "Ospanov Nazar (KAZ)"]
[Result "1-0"]
[WhiteElo "2363"]
[BlackElo "2286"]

1.d4 Nf6 2.c4 g6 3.Nc3 Bg7 4.e4 d6 5.f3 O-O 6.Be3 Nc6 7.Nge2 a6 8.Qd2 Rb8
9.Nc1 e5 10.d5 Nd4 11.N1e2 c5 12.dxc6 bxc6 13.Nxd4 exd4 14.Bxd4 Re8 15.Be2 d5
16.cxd5 cxd5 17.exd5 Rb4 18.O-O Rxd4 19.Qxd4 Ng4 20.Qa7 Nxh2 21.Rf2 Qh4 22.Rd1
Be5 23.f4 Bxf4 24.Rxf4 Qxf4 25.Qd4 Qh6 26.Ne4 Rd8 27.Nf6+ Kf8 28.d6 {#r} 1-0

[Event "Bundesliga 2011/12"]
[Site "masterchessopen.com – Austria"]
[Date "2012.03.03"]
[Round "6"]
[White "Socko Bartosz (POL)"]
[Black "Koepke Christian (GER)"]
[Result "1-0"]
[WhiteElo "2636"]
[BlackElo "2404"]

1.c4 Nf6 2.Nc3 g6 3.e4 d6 4.d4 Bg7 5.f3 O-O 6.Nge2 a6 7.Be3 Nc6 8.Qd2 Rb8
9.Rc1 Bd7 10.Nd1 e6 11.Nf2 Re8 12.g3 b5 13.cxb5 axb5 14.Bg2 Qc8 15.O-O Qa6
16.b3 Rec8 17.Nd3 b4 18.Rc2 e5 19.dxe5 Nxe5 20.Nxb4 Qb5 21.Nd5 Nxd5 22.exd5
Ra8 23.Nd4 Qd3 24.Rd1 Qxd2 25.Rdxd2 Ra5 26.h3 f5 27.f4 Nf7 28.Nc6 Bxc6 29.Rxc6
Nd8 30.Rc4 Nb7 31.Rdc2 Re8 32.Bf2 {#r} 1-0

[Event "Cup HD Bank (open)"]
[Site "masterchessopen.com – Ho Chi Minh City (Vietnam)"]
[Date "2012.03.05"]
[Round "6"]
[White "Barbosa Oliver (PHI)"]
[Black "Nguyen Thien Viet (VIE)"]
[Result "1-0"]
[WhiteElo "2571"]
[BlackElo "2265"]

1.d4 Nf6 2.c4 g6 3.Nc3 Bg7 4.e4 d6 5.f3 O-O 6.Be3 Nc6 7.Nge2 a6 8.Qd2 Rb8
9.Rc1 e6 10.Nd1 Re8 11.Nf2 Qe7 12.g3 Nd7 13.Bg2 d5 14.O-O dxc4 15.Rxc4 f5
16.Rd1 Nf6 17.Bg5 Qf7 18.Nd3 Nd7 19.Be3 Rd8 20.Rcc1 Nb6 21.Qc3 Na4 22.Qb3 Nxd4
23.Nxd4 Rxd4 24.e5 Qd7 25.Bxd4 Qxd4+ 26.Nf2 {#r} 1-0

[Event "Ch Europe (seniors) (team)"]
[Site "masterchessopen.com – Rogatska Slatina (Slovenia)"]
[Date "2012.03.29"]
[Round "3"]
[White "Sandklef Ake (SWE)"]
[Black "Bue Gunnar (NOR)"]
[Result "1-0"]
[WhiteElo "1993"]
[BlackElo "1719"]

1.d4 Nf6 2.c4 g6 3.Nc3 Bg7 4.e4 d6 5.f3 O-O 6.Be3 Nc6 7.Qd2 a6 8.Nge2 Rb8 9.g4
b5 10.Ng3 b4 11.Nce2 e5 12.d5 Ne7 13.h4 Bxg4 14.fxg4 Nxg4 15.h5 Nxe3 16.Qxe3
f5 17.Bh3 f4 18.Be6+ Rf7 19.Qf3 Kf8 20.Bxf7 Kxf7 21.hxg6+ hxg6 22.O-O-O Kg8
23.Rdf1 Qe8 24.Qg4 Nc8 25.Nxf4 exf4 26.Qxf4 Qe7 27.Qg4 Qe5 28.Rh2 Ne7 29.Qh3
{#r} 1-0

[Event "Ch City"]
[Site "masterchessopen.com – Irkutsk (Russia)"]
[Round "4"]
[White "Sergeev Andrey (RUS)"]
[Black "Okunev Lev (RUS)"]
[Result "0-1"]
[WhiteElo "2046"]
[BlackElo "2184"]

1.d4 Nf6 2.c4 g6 3.Nc3 Bg7 4.e4 d6 5.f3 O-O 6.Be3 Nc6 7.Nge2 a6 8.Qd2 Rb8 9.h4
b5 10.h5 bxc4 11.Bh6 e5 12.Bxg7 Kxg7 13.hxg6 fxg6 14.Nd5 Kg8 15.Qh6 Rf7
16.O-O-O Nxd5 17.exd5 Nb4 18.Nc3 exd4 19.Rxd4 Qf6 20.Qd2 Nd3+ 21.Rxd3 cxd3
22.Bxd3 Qf4 23.Qxf4 Rxf4 24.Re1 Bb7 25.Be4 Re8 26.g3 Rxf3 {#R} 0-1

[Event "Memorial Pedro Lezcano Montalvo (open)"]
[Site "masterchessopen.com – Las Palmas (Spain)"]
[Date "2012.04.06"]
[Round "6"]
[White "Lopez Colon Francisco (ESP)"]
[Black "Guerra Arrocha Daniel (ESP)"]
[Result "1-0"]
[WhiteElo "2113"]
[BlackElo "1771"]

1.d4 Nf6 2.c4 g6 3.Nc3 Bg7 4.e4 d6 5.f3 O-O 6.Be3 Nc6 7.Nge2 a6 8.Qd2 Rb8
9.Rc1 Re8 10.g4 e5 11.h3 exd4 12.Nxd4 Ne5 13.Be2 c5 14.Nc2 Be6 15.b3 Nfd7
16.f4 Nc6 17.f5 Bxf5 18.exf5 Nde5 19.O-O Qh4 20.Kg2 Nd7 21.Nd5 Be5 22.Rf3 Bd4
23.Nxd4 Nxd4 24.Bxd4 cxd4 25.Rf2 gxf5 26.Rxf5 Re5 27.Rcf1 Rbe8 28.Bd1 Rxf5
29.Rxf5 Re5 30.Rf2 Nc5 31.Nf6+ Kh8 32.Qxd4 Qh6 33.Qxd6 {#r} 1-0

[Event "Ch City (students) (open)"]
[Site "masterchessopen.com – Uljanovsk (Russia)"]
[Date "2012.04.07"]
[Round "7"]
[White "Saveliev Dmitri (RUS)"]
[Black "Olisov Andrey (RUS)"]
[Result "1-0"]
[WhiteElo "2093"]
[BlackElo "2175"]

1.d4 Nf6 2.c4 g6 3.Nc3 Bg7 4.e4 d6 5.f3 O-O 6.Be3 Nc6 7.Nge2 a6 8.Qd2 Rb8
9.Bh6 Bxh6 10.Qxh6 b5 11.h4 e5 12.O-O-O bxc4 13.h5 Qe7 14.g4 Bxg4 15.Nf4 exf4
16.fxg4 d5 17.e5 Nxe5 18.dxe5 Qxe5 19.hxg6 fxg6 20.Rxd5 Qe3+ 21.Kc2 Rf7
22.Bxc4 Qf2+ 23.Rd2 {#r} 1-0

[Event "It (open)"]
[Site "masterchessopen.com – Wheeling (USA)"]
[Date "2012.05.25"]
[Round "3"]
[White "Bartholomew John (USA)"]
[Black "Stoumbos Konstantinos (GRE)"]
[Result "1-0"]
[WhiteElo "2440"]
[BlackElo "2249"]

1.d4 Nf6 2.c4 g6 3.Nc3 Bg7 4.e4 d6 5.f3 O-O 6.Nge2 Nc6 7.Be3 a6 8.Qd2 Rb8
9.Rc1 e5 10.d5 Na5 11.Na4 c5 12.b4 Nxc4 13.Rxc4 b5 14.Rc1 bxa4 15.bxc5 dxc5
16.Bxc5 Nd7 17.Ba7 Rb7 18.Be3 f5 19.Nc3 Qa5 20.d6 Nf6 21.Bc4+ Kh8 22.O-O f4
23.Nd5 Qxd2 24.Bxd2 Be6 25.Nxf6 Bxc4 26.Rxc4 Bxf6 27.Rd1 Kg7 28.Kf1 Kf7
29.Rc7+ Rxc7 30.dxc7 Rc8 31.Ba5 Ke8 32.Rd5 {#r} 1-0

[Event "It (open)"]
[Site "masterchessopen.com – Liptovsky Mikulas (Slovakia)"]
[Date "2012.06.22"]
[Round "1"]
[White "Nahalka Jan (SVK)"]
[Black "Bukojemski Adam (POL)"]
[Result "0-1"]
[WhiteElo "1884"]
[BlackElo "2203"]

1.d4 Nf6 2.c4 g6 3.Nc3 Bg7 4.e4 d6 5.f3 O-O 6.Be3 Nc6 7.Nge2 a6 8.Qd2 Rb8
9.Ng3 e5 10.d5 Nd4 11.Bd3 c5 12.O-O h5 13.Rab1 Bd7 14.b4 Qc7 15.bxc5 dxc5
16.Rb2 Ne8 17.Rfb1 Nd6 18.Bh6 f6 19.Bxg7 Kxg7 20.Bf1 h4 21.Nh1 b5 22.cxb5 axb5
23.Qf2 c4 24.Ne2 Qc5 {#R} 0-1

[Event "It (open) \"]
[Site "masterchessopen.com – Wroclaw (Poland)"]
[Date "2012.07.03"]
[Round "2"]
[White "Stremavicius Titas (LTU)"]
[Black "Dragun Kamil (POL)"]
[Result "0-1"]
[WhiteElo "2221"]
[BlackElo "2434"]

1.d4 Nf6 2.c4 g6 3.Nc3 Bg7 4.e4 O-O 5.Be3 d6 6.f3 Nc6 7.Nge2 a6 8.Qd2 Rb8 9.g4
b5 10.Ng3 e5 11.d5 Nd4 12.Bxd4 exd4 13.Nce2 d3 14.Qxd3 bxc4 15.Qc2 c6 16.O-O-O
cxd5 17.exd5 Nxg4 18.fxg4 Rxb2 19.Qxb2 Bxb2+ 20.Kxb2 Bxg4 21.h3 Bf3 22.Rh2
Qb6+ 23.Kc2 Rb8 24.Kd2 c3+ 25.Kd3 Re8 26.Kxc3 Qe3+ 27.Kb2 Rb8+ 28.Kc2 Rc8+
29.Kb1 Qb6+ 30.Ka1 Rb8 31.Nc3 Bxd1 {#R} 0-1

[Event "It (open)"]
[Site "masterchessopen.com – Vaujany (France)"]
[Date "2012.07.15"]
[Round "4"]
[White "Drillat Michel (FRA)"]
[Black "Stets Dmitry (UKR)"]
[Result "0-1"]
[WhiteElo "1910"]
[BlackElo "2426"]

1.d4 Nf6 2.c4 g6 3.Nc3 Bg7 4.e4 d6 5.f3 O-O 6.Be3 Nc6 7.Nge2 a6 8.Qd2 Rb8 9.h4
b5 10.h5 e5 11.hxg6 fxg6 12.Bh6 bxc4 13.Bxg7 Kxg7 14.Qh6+ Kg8 15.O-O-O Qe7
16.dxe5 Nxe5 17.Nd4 c5 18.Nc2 Be6 19.Ne3 Rb6 20.Rd2 Rfb8 21.Ned1 Qf7 22.Be2
Nd3+ 23.Bxd3 cxd3 24.Rxd3 Bxa2 25.Nxa2 Qxa2 26.Ra3 Qc4+ 27.Rc3 Qd4 28.Rc2 a5
29.Nc3 c4 30.Rd2 Qxc3+ 31.bxc3 Rb1+ {#R} 0-1

[Event "It (open)"]
[Site "masterchessopen.com – Paleochora (Greece)"]
[Date "2012.07.17"]
[Round "2"]
[White "Papasimakopoulos Alexandros (GRE)"]
[Black "Aswin Jayaram (IND)"]
[Result "1-0"]
[WhiteElo "2045"]
[BlackElo "2476"]

1.d4 Nf6 2.c4 g6 3.Nc3 Bg7 4.e4 d6 5.f3 O-O 6.Be3 Nc6 7.Nge2 a6 8.Qd2 Rb8
9.Rb1 e6 10.b4 Ne7 11.Ng3 Nd7 12.Bh6 f5 13.Bxg7 Kxg7 14.exf5 Nxf5 15.Nxf5+
gxf5 16.Bd3 Qf6 17.Bc2 b5 18.cxb5 axb5 19.O-O Nb6 20.Bb3 c6 21.Rfe1 Nd5
22.Nxd5 cxd5 23.Qf4 Rb6 24.Rbc1 Qd8 25.Rc3 Bd7 26.Rec1 h6 27.Rc7 Rf7 28.h4 Qf6
29.Ra7 Be8 30.Ra8 Bc6 31.Qg3+ Qg6 32.Rg8+ {#r} 1-0

[Event "Tournament (open)"]
[Site "masterchessopen.com – Abaza (Russia)"]
[Date "2012.07.21"]
[Round "1"]
[White "Koshevaya Anna (RUS)"]
[Black "Tarasov Sergey I (RUS)"]
[Result "0-1"]
[WhiteElo "1640"]
[BlackElo "2020"]

1.d4 Nf6 2.c4 g6 3.Nc3 Bg7 4.e4 d6 5.f3 O-O 6.Be3 Nc6 7.Nge2 a6 8.Qd2 Rb8
9.Bh6 b5 10.cxb5 axb5 11.Ng3 Bxh6 12.Qxh6 Nxd4 13.O-O-O e5 14.Rxd4 exd4
15.Nxb5 c5 16.Bc4 Be6 17.Na3 Qa5 18.Nf5 Bxf5 19.exf5 d5 20.fxg6 fxg6 21.Bd3
Rb7 22.Rd1 c4 23.Bb1 Rxb2 24.Bxg6 Qxa3 25.Rd2 Rxa2+ 26.Kd1 Rxd2+ 27.Kxd2 {#R}
0-1

[Event "Memorial Kesarovski - Stanchev (open)"]
[Site "masterchessopen.com – Sunny Beach (Bulgaria)"]
[Date "2012.09.02"]
[Round "2"]
[White "Ermenkov Evgenij (PLE)"]
[Black "Barzanu Iulian (ROM)"]
[Result "1-0"]
[WhiteElo "2431"]
[BlackElo "2222"]

1.d4 d6 2.e4 Nf6 3.f3 g6 4.c4 Bg7 5.Nc3 O-O 6.Be3 Nc6 7.Nge2 a6 8.Qd2 Rb8
9.Rc1 e5 10.d5 Ne7 11.Ng3 c5 12.a3 Nh5 13.b4 b6 14.Rb1 Bd7 15.Nxh5 gxh5 16.Bd3
Ng6 17.g3 Kh8 18.Ke2 Rg8 19.bxc5 bxc5 20.Rxb8 Qxb8 21.Rb1 Qd8 22.Rb7 Nf4+
23.gxf4 exf4 24.Bxf4 Bd4 25.Kd1 Qa5 26.Ne2 Qxa3 27.Rxd7 Qa4+ 28.Ke1 Qxd7
29.Nxd4 cxd4 30.Bf1 {#r} 1-0

[Event "It (cat.8)"]
[Site "masterchessopen.com – Budapest (Hungary)"]
[Date "2012.09.03"]
[Round "3"]
[White "Toth Ervin (HUN)"]
[Black "Konnyu Janos (HUN)"]
[Result "1-0"]
[WhiteElo "2477"]
[BlackElo "2352"]

1.d4 Nf6 2.c4 g6 3.Nc3 Bg7 4.e4 d6 5.f3 O-O 6.Be3 Nc6 7.Qd2 a6 8.Nge2 Rb8
9.Rb1 Re8 10.b4 e6 11.h4 h5 12.Bg5 Ne7 13.Rd1 d5 14.e5 Nh7 15.Bxe7 Qxe7 16.c5
f6 17.f4 b6 18.Qc2 bxc5 19.bxc5 fxe5 20.fxe5 Qf7 21.Rd3 Rf8 22.Rf3 Qe8 23.Nf4
Rb4 24.Bd3 Bxe5 25.Bxg6 Qe7 26.Nd3 Rxf3 27.gxf3 Bxd4 28.Nxb4 Qxc5 29.Bxh7+ Kh8
30.Ncxd5 {#r} 1-0

[Event "Olympiad"]
[Site "masterchessopen.com – Istanbul (Turkey)"]
[Date "2012.09.04"]
[Round "7"]
[White "Bonsu Kwadwo (GHA)"]
[Black "Arias Daniel (COL)"]
[Result "0-1"]
[WhiteElo "1952"]
[BlackElo "2079"]

1.d4 Nf6 2.c4 g6 3.Nc3 Bg7 4.e4 d6 5.f3 O-O 6.Nge2 Nc6 7.Be3 a6 8.Qd2 Rb8
9.Ng3 Re8 10.Rd1 Bd7 11.Be2 e5 12.d5 Nd4 13.b4 c5 14.dxc6 bxc6 15.a3 a5 16.Rb1
axb4 17.axb4 h5 18.Bd3 h4 19.Nge2 h3 20.Nxd4 hxg2 21.Rg1 exd4 22.Bxd4 Bh3
23.Bf2 d5 24.cxd5 cxd5 25.Bb5 Rxb5 26.Nxb5 Nxe4 27.fxe4 Rxe4+ 28.Kd1 Bg4+
29.Kc1 Rc4+ {#R} 0-1

[Event "It (open) \"]
[Site "masterchessopen.com – Nuernberg (Germany)"]
[Date "2012.09.07"]
[Round "3"]
[White "Martin Stefan (GER)"]
[Black "Richter Christian (GER)"]
[Result "0-1"]
[WhiteElo "2166"]
[BlackElo "2362"]

1.d4 Nf6 2.c4 g6 3.Nc3 Bg7 4.e4 d6 5.f3 Nc6 6.Nge2 O-O 7.Be3 a6 8.Qd2 Rb8
9.Nc1 e5 10.d5 Nd4 11.N1e2 Nxe2 12.Bxe2 Nh5 13.O-O-O f5 14.Bd3 Nf4 15.Bc2 b5
16.c5 b4 17.Na4 a5 18.g3 Nh5 19.Qg2 Nf6 20.h3 fxe4 21.Bxe4 Nxe4 22.fxe4 Ba6
23.Rd2 Bb5 24.b3 Bxa4 25.bxa4 dxc5 26.Rc2 Qd7 27.Bxc5 Bh6+ 28.Kb1 Rfe8 29.Rf2
Qxa4 30.Qf3 b3 31.a3 Rf8 32.Qd3 Rxf2 33.Bxf2 Qxa3 {#R} 0-1

[Event "Ch Croatia (team) (1st league) (b)"]
[Site "masterchessopen.com – Sibenik (Croatia)"]
[Date "2012.09.27"]
[Round "5"]
[White "Nikcevic Nebojsa (MNE)"]
[Black "Zufic Miroslav (CRO)"]
[Result "1-0"]
[WhiteElo "2432"]
[BlackElo "2417"]

1.c4 Nf6 2.Nc3 g6 3.e4 d6 4.d4 Bg7 5.f3 O-O 6.Be3 Nc6 7.Nge2 a6 8.Qd2 Rb8
9.Rb1 Bd7 10.b4 e6 11.Nc1 e5 12.d5 Nd4 13.Nb3 Nxb3 14.Rxb3 Nh5 15.Bd3 f5 16.c5
Nf4 17.O-O Nxd3 18.Qxd3 fxe4 19.Qxe4 b5 20.Qd3 g5 21.h3 Bf6 22.Ne4 Be7 23.cxd6
cxd6 24.Rc1 Rf7 25.Rbc3 Rg7 26.Rc7 h5 27.Ng3 h4 28.Nf5 Rh7 29.Nxd6 Rg7 30.Ne4
Bxb4 31.d6 {#r} 1-0